000 00885nam a2200277 4500
001 121409
003 ES-MaACL
005 20250918063033.0
007 t|
008 070214s1930 sp r ||||1| cat d
100 1 _aMolière,
_d1622-1673
_981873
245 1 0 _aObras de Molière /
_cMolière ; traducción de Alfonso Maseras.
260 _aBarcelona :
_b[s.n.],
_c1930.
300 _a2 v. ;
_c22 cm.
505 8 _aContiene: Vol. I. Tartuf. Don Juan. El misántrop. Vol. II. Les trapelleries de Scapin. Le casamant per força. La Sicilia. L'Atabalat.
700 1 _aMaseras, Alfons.
_978705
740 0 _aTartuf.
740 0 _aDon Juan.
740 0 _aEl misántrop.
740 0 _aLes trapelleries de Scapin.
740 0 _aLe casamant per força.
740 0 _aLa Sicilia.
740 0 _aL'Atabalat.
852 _aES-MaACL
_jA-258-59
999 _c121409
_d121409